| 000 | 01111nam1a22002531i 4500 | ||
|---|---|---|---|
| 001 | v19\rc\2011976 | ||
| 005 | 20240726024619.0 | ||
| 035 | _a(NLR Aleph) 005093688 | ||
| 090 |
_a7323406 _c7323406 |
||
| 100 | _a20080925g19011913|||y0rusy50 ca | ||
| 101 | 0 | _arus | |
| 102 | _aRU | ||
| 105 | _ay z ||||| | ||
| 200 | 1 |
_aОтчет... _fТ-во Чонгарск. соляных промыслов содового производства и выработки др. хим. продуктов из соли добываемых |
|
| 210 |
_aОдесса _d1901-1913 |
||
| 215 | _d27 | ||
| 300 | _aС отчета за 1902 г. надзаг. отсутствует; загл.: Отчет Товарищества...; за 1912 г.: "Отчет Правления Товарищества..." | ||
| 517 | 0 | _aОтчет Товарищества | |
| 517 | 0 | _aОтчет Правления Товарищества | |
| 710 | 0 | 2 |
_aЧонгарские соляные промыслы _cОдесса |
| 801 | 0 |
_aRU _bNLR _gpsbo |
|
| 801 | 1 |
_aRU _bProSoft-M _2rusmarc |
|
| 852 |
_aNLR _jШифры разные |
||
| 942 | _cBOOK | ||